000 00474nam a2200169 i 4500
001 74461
003 ES-MaACL
005 20230906172136.0
007 t|
008 040920s1967 sp ||||1| spa d
100 1 _aGonzález Ibeas, José.
_958727
245 1 0 _aEnergía nuclear /
_cJosé González Ibeas.
260 _a[Madrid] :
_bMundo del trabajo,
_c[1967]
300 _a110 p. ;
_c18 cm.
650 4 _aEnergía nuclear.
_912254
852 _aES-MaACL
_jC-32522
_bR.63181
999 _c74461
_d74461